Central Library OPAC University of Rajshahi

কাব্যসমগ্র / (Record no. 48192)

MARC details
000 -LEADER
fixed length control field 00834nam a2200229 a 4500
001 - CONTROL NUMBER
control field 48192
003 - CONTROL NUMBER IDENTIFIER
rucl marc code BD-RjUL
005 - DATE AND TIME OF LATEST TRANSACTION
control field 20211209054457.0
008 - FIXED-LENGTH DATA ELEMENTS--GENERAL INFORMATION
fixed length control field 160813s2004 bg ||||| |||| 00| 0 ben d
020 ## - INTERNATIONAL STANDARD BOOK NUMBER
International Standard Book Number 9843204816
Terms of availability : Tk.400.00
035 ## - SYSTEM CONTROL NUMBER
System control number (BD-RjUL)48311
040 ## - CATALOGING SOURCE
Original cataloging agency BD-RjUL
Language of cataloging ben
Transcribing agency BD-RjUL
Modifying agency BD-RjUL
041 ## - LANGUAGE CODE
Language code of text/sound track or separate title ben
082 ## - DEWEY DECIMAL CLASSIFICATION NUMBER
Edition number 23
Classification number 891.44108
Author mark and year RAK 2004
100 ## - MAIN ENTRY--PERSONAL NAME
Personal name রশিদ, আ ফ ম আবদুর
9 (RLIN) 145974
245 10 - TITLE STATEMENT
Title কাব্যসমগ্র /
Statement of responsibility, etc. আ ফ ম আবদুর রশিদ
260 ## - PUBLICATION, DISTRIBUTION, ETC. (IMPRINT)
Place of publication, distribution, etc. ঢাকা :
Name of publisher, distributor, etc. মোঃ ওয়াহেদ হোসেন,
Date of publication, distribution, etc. ২০০৪
300 ## - PHYSICAL DESCRIPTION
Pagination ৬৭৪ পৃ. :
Illustrations চিত্র ;
Size ২৫ সেমি.
650 ## - SUBJECT ADDED ENTRY--TOPICAL TERM
Topical term or geographic name as entry element বাংলা কবিতা
Form subdivision সংগ্রহ
9 (RLIN) 137307
Topical term or geographic name as entry element Bengali Poetry
Form subdivision Collection
9 (RLIN) 145975
942 ## - ADDED ENTRY ELEMENTS (KOHA)
Source of classification or shelving scheme Dewey Decimal Classification
Koha item type Books
Holdings
Lost status Source of classification or shelving scheme Damaged status Not for loan Collection code Permanent Location Current Location Shelving location Date acquired Source of acquisition Total Checkouts Full call number Date last seen Copy number Koha item type
  Dewey Decimal Classification     Non-fiction Central Library, University of Rajshahi Central Library, University of Rajshahi   13/04/2004 Gift   B 891.44108 RAK 2004 13/08/2016 C-2 Books
  Dewey Decimal Classification     Non-fiction Central Library, University of Rajshahi Central Library, University of Rajshahi   13/04/2004 Gift   B 891.44108 RAK 2004 13/08/2016 C-3 Books
  Dewey Decimal Classification     Non-fiction Central Library, University of Rajshahi Central Library, University of Rajshahi   13/04/2004 Gift   B 891.44108 RAK 2004 13/08/2016 C-4 Books
  Dewey Decimal Classification     Non-fiction Central Library, University of Rajshahi Central Library, University of Rajshahi   13/04/2004     B 891.44108 RAK 2004 27/09/2016 C-5 Books
  Dewey Decimal Classification   Not For Loan Non-fiction Central Library, University of Rajshahi Central Library, University of Rajshahi Reading Room 13/04/2004     B 891.44108 RAK 2004 06/05/2017 C-1 Books